| 000 | 00472nam a2200181Ia 4500 | ||
|---|---|---|---|
| 008 | 131103s9999 xx 000 0 und d | ||
| 040 | _aLoreto College | ||
| 041 | _aEnglish | ||
| 082 |
_a904/GUE _bLCLIB/2666 |
||
| 100 | _aGuedalla, Philip | ||
| 245 |
_aMen of war _cPhilip Guedalla |
||
| 260 |
_aLondon _bHodder and stoughton _c1923 |
||
| 300 |
_a255p. _c 18cm. |
||
| 650 | _aCollected accounts of events | ||
| 651 | _aWar | ||
| 850 | _aLCLIB/904/GUE | ||
| 942 | _cBK | ||
| 999 |
_c25283 _d75762 |
||